00480nam a2200169Ia 4500008004100000041001200041082001700053100002100070245005300091365000600144520001400150546001200164630005300176650001400229655001400243730005300257101110s9999 xx 000 0 und d aENGLISH bSR10014a900 aDavies C. Collin aHistorical atlas of the Indian peninsula 2nd ed. b5 aGeography aENGLISH aHistorical atlas of the Indian peninsula 2nd ed. aGeography aGeography aHistorical atlas of the Indian peninsula 2nd ed.